Heritage protection for the 21st century (Record no. 106606)
[ view plain ]
| 000 -LEADER | |
|---|---|
| fixed length control field | 02295cam a2200265 4500 |
| 001 - CONTROL NUMBER | |
| control field | L137028 |
| 008 - FIXED-LENGTH DATA ELEMENTS--GENERAL INFORMATION | |
| fixed length control field | 070312s2007 xxk f 000 0 eng d |
| 020 ## - INTERNATIONAL STANDARD BOOK NUMBER | |
| International Standard Book Number | 9780101705721 |
| 035 ## - SYSTEM CONTROL NUMBER | |
| System control number | (Sirsi) u137028 |
| 041 0# - LANGUAGE CODE | |
| Language code of text/sound track or separate title | eng |
| 050 04 - LIBRARY OF CONGRESS CALL NUMBER | |
| Classification number | 690.241 $2 18 |
| 110 1# - MAIN ENTRY--CORPORATE NAME | |
| Corporate name or jurisdiction name as entry element | United Kingdom |
| Subordinate unit | Department for Culture, Media and Sport |
| 245 00 - TITLE STATEMENT | |
| Title | Heritage protection for the 21st century |
| Medium | [electronic resource] |
| 260 ## - PUBLICATION, DISTRIBUTION, ETC. | |
| Place of publication, distribution, etc. | London |
| Name of publisher, distributor, etc. | TSO |
| Date of publication, distribution, etc. | 2007 |
| 490 #0 - SERIES STATEMENT | |
| Series statement | Cm |
| Volume/sequential designation | 7057 |
| 505 2# - FORMATTED CONTENTS NOTE | |
| Formatted contents note | Executive summary -- Protecting the historic environment in England: designation; heritage protection and planning; historic environment services at local level -- Protecting the historic environment in Wales -- Protecting the marine historic environment in the UK -- Next steps and how to respond -- Suggested format for new Register entry (England) -- Proposed operation of Historic Asset Consent -- HPR steering, stakeholder and working groups |
| 520 ## - SUMMARY, ETC. | |
| Summary, etc. | This white paper outlines government's vision for a new heritage protection system. The proposals are based around three main principles: developing a unified approach to the historic environment; exploiting opportunities for inclusion and involvement; and delivering sustainable communities by ensuring heritage protection is an integral part of the planning system. Key proposals include: creating a single system for designating historic places to replace listing, scheduling and registering; merging listed building consent, scheduled monument consent, and conservation area consent with planning permission; and creating a single new Register of Historic Buildings to replace all existing lists and schedules. In addition to heritage protection reforms in England and Wales, the white paper contains UK wide proposals for an improved system of marine heritage protection. Responses required by 1 June 2007. |
| 590 ## - LOCAL NOTE (RLIN) | |
| Local note | KA NTK |
| 650 24 - SUBJECT ADDED ENTRY--TOPICAL TERM | |
| Topical term or geographic name entry element | HERITAGE PROTECTION WHITE PAPER 2007 |
| 651 #4 - SUBJECT ADDED ENTRY--GEOGRAPHIC NAME | |
| Geographic name | United Kingdom |
| Chronological subdivision | |
| 690 ## - LOCAL SUBJECT ADDED ENTRY--TOPICAL TERM (OCLC, RLIN) | |
| Topical term or geographic name as entry element | BUILT ENVIRONMENT-BUILDING TYPES-HISTORIC BUILDINGS AND ANCIENT MONUMENTS |
| 710 1# - ADDED ENTRY--CORPORATE NAME | |
| Corporate name or jurisdiction name as entry element | Wales |
| Subordinate unit | Welsh Assembly Government |
| 856 40 - ELECTRONIC LOCATION AND ACCESS | |
| Uniform Resource Identifier | <a href="https://www.culture.gov.uk/Reference_library/Consultations/2007_current_consultations/hpr_whitepaper07.htm">https://www.culture.gov.uk/Reference_library/Consultations/2007_current_consultations/hpr_whitepaper07.htm</a> |
| Public note | View the white paper free of charge at www.culture.gov.uk... |
| 942 ## - ADDED ENTRY ELEMENTS (KOHA) | |
| Suppress in OPAC | 0 |
| Withdrawn status | Lost status | Source of classification or shelving scheme | Damaged status | Not for loan | Home library | Current library | Shelving location | Date acquired | Total Checkouts | Full call number | Barcode | Date last seen | Copy number | Price effective from | Koha item type |
|---|---|---|---|---|---|---|---|---|---|---|---|---|---|---|---|
| Dewey Decimal Classification | Virtual | Virtual | Online | 12/03/2007 | ONLINE PUBLICATION | 137028-2001 | 06/08/2019 | 1 | 06/08/2019 | Book |